The amnesty of grace : (Record no. 13044)

MARC details
000 -LEADER
fixed length control field 01383cam a2200325 a 4500
001 - CONTROL NUMBER
control field 3941260
003 - CONTROL NUMBER IDENTIFIER
control field AUA.1
005 - DATE AND TIME OF LATEST TRANSACTION
control field 20140805133800.0
008 - FIXED-LENGTH DATA ELEMENTS--GENERAL INFORMATION
fixed length control field 930330s1993 tnu b 000 0 eng
010 ## - LIBRARY OF CONGRESS CONTROL NUMBER
LC control number 93010650
020 ## - INTERNATIONAL STANDARD BOOK NUMBER
International Standard Book Number 0687009340 (alk. paper)
040 ## - CATALOGING SOURCE
Original cataloging agency DLC
Transcribing agency DLC
Modifying agency DLC
041 1# - LANGUAGE CODE
Language code of text/sound track or separate title eng
Language code of original and/or intermediate translations of text spa
043 ## - GEOGRAPHIC AREA CODE
Geographic area code cl-----
050 00 - LIBRARY OF CONGRESS CALL NUMBER
Classification number BT 764.2
Item number .T3513 1993
082 00 - DEWEY DECIMAL CLASSIFICATION NUMBER
Classification number 234/.7
Edition number 20
100 1# - MAIN ENTRY--PERSONAL NAME
Personal name Tamez, Elsa.
9 (RLIN) 46124
240 10 - UNIFORM TITLE
Uniform title <a href="Contra toda condena.">Contra toda condena.</a>
Language of a work English
245 14 - TITLE STATEMENT
Title The amnesty of grace :
Remainder of title justification by faith from a Latin American perspective /
Statement of responsibility, etc Elsa Tamez ; translated by Sharon H. Ringe.
260 ## - PUBLICATION, DISTRIBUTION, ETC. (IMPRINT)
Place of publication, distribution, etc Nashville :
Name of publisher, distributor, etc Abingdon Press,
Date of publication, distribution, etc c1993.
300 ## - PHYSICAL DESCRIPTION
Extent 208 p. ;
Dimensions 23 cm.
504 ## - BIBLIOGRAPHY, ETC. NOTE
Bibliography, etc Includes bibliographical references (p. 169-208).
650 #0 - SUBJECT ADDED ENTRY--TOPICAL TERM
Topical term or geographic name as entry element Justification (Christian theology)
9 (RLIN) 46125
650 #0 - SUBJECT ADDED ENTRY--TOPICAL TERM
Topical term or geographic name as entry element Liberation theology.
9 (RLIN) 46126
651 #0 - SUBJECT ADDED ENTRY--GEOGRAPHIC NAME
Geographic name Latin America
General subdivision Church history.
9 (RLIN) 46127
906 ## - LOCAL DATA ELEMENT F, LDF (RLIN)
a 7
b cbc
c orignew
d 1
e ocip
f 19
g y-gencatlg
942 ## - ADDED ENTRY ELEMENTS (KOHA)
Source of classification or shelving scheme Library of Congress Classification
Koha item type Books
Classification part BT 764.2
Item part .T3513 1993
Holdings
Withdrawn status Lost status Source of classification or shelving scheme Damaged status Not for loan Collection code Home library Current library Shelving location Date acquired Source of acquisition Cost, normal purchase price Serial Enumeration / chronology Total Checkouts Total Renewals Full call number Barcode Checked out Date last seen Date checked out Cost, replacement price Price effective from Koha item type
    Library of Congress Classification     Books Judith Thomas Library Judith Thomas Library General Stacks 05/08/2014 Donation, Theological Book Network 10.00 AUA015999 2 1 BT 764.2 .T3513 1993 AUA015999 07/05/2026 30/04/2026 30/04/2026 10.00 05/08/2014 Books